Statistiken für Inselländer

Klicken Sie hier um das Quiz zu spielen!

Allgemein

  • Dieses Quiz wurde 8,472 mal gespielt
  • Das Durchschnittsergebnis liegt bei 37 aus 47

Antwortstatistiken

Fläche Land % Korrekt
270'467Neuseeland
95%
1'904'569Indonesien
94%
587'041Madagaskar
94%
109'884Kuba
93%
377'930Japan
93%
103'000Island
92%
316Malta
91%
103'000Irland
91%
242'900Vereinigtes Königreich
91%
27'750Haiti
88%
9'251Zypern
88%
65'610Sri Lanka
87%
342'353Philippinen
86%
10'991Jamaika
85%
48'671Dominikanische
Republik
85%
452Seychellen
85%
300Malediven
84%
4'033Kap Verde
82%
13'943Bahamas
82%
18'272Fidschi
81%
36'193Taiwan
79%
702Föderierte Staaten
von Mikronesien
79%
2'040Mauritius
79%
462'840Papua-Neuguinea
78%
5'130Trinidad und Tobago
76%
1'862Komoren
76%
261St. Kitts und Nevis
76%
616St. Lucia
75%
430Barbados
75%
389St. Vincent und die
Grenadinen
74%
965São Tomé und
Príncipe
74%
26Tuvalu
74%
747Tonga
73%
181Marshallinseln
73%
2'842Samoa
72%
459Palau
72%
12'189Vanuatu
72%
21Nauru
71%
751Dominica
70%
811Kiribati
70%
28'896Salomonen
69%
344Grenada
68%
442Antigua und Barbuda
67%
14'874Osttimor
62%
710Singapur
60%
5'765Brunei
58%
765Bahrain
39%

Verteilung der Resultate

Perzentil nach korrekt beantworteten Fragen

Anzahl Personen mit jedem Resultat

Ihre Resultats-Entwicklung

Sie haben dieses Quiz noch nicht gespielt